[Event "Chervonny Open 2012"]
[Site "?"]
[Date "2012.09.22"]
[Round "5"]
[White "Gavrilov, Yuri"]
[Black "Nazarenkov, Aleksandr"]
[Result "1-0"]
[WhiteElo "2082"]
[BlackElo "2224"]
[PlyCount "101"]
[EventDate "2012.09.22"]
[SourceDate "2012.09.29"]

1. d4 Nf6 2. c4 d6 3. Nc3 c6 4. e4 Nbd7 5. f4 Qa5 6. Bd2 e5 7. fxe5 dxe5 8. d5
Nc5 9. a3 Qc7 10. Qc2 Bg4 11. b4 Ncd7 12. Be2 a5 13. b5 Bc5 14. Nf3 O-O 15. a4
Nb6 16. h3 Bxf3 17. gxf3 Nh5 18. Rh2 f5 19. Rg2 f4 20. O-O-O g6 21. Bd3 Qe7 22.
Be1 Ba3+ 23. Kb1 Rfc8 24. Qb3 Qb4 25. Qxb4 Bxb4 26. c5 Bxc3 27. cxb6 Bd4 28.
dxc6 bxc6 29. bxc6 Rxc6 30. Bb5 Rxb6 31. Rc2 Ra7 32. Ka2 Ng7 33. Rdc1 Ne6 34.
h4 Kg7 35. Rc6 Rxc6 36. Rxc6 Nc5 37. Kb1 Rb7 38. Kc2 h6 39. Bxa5 g5 40. hxg5
hxg5 41. Bd8 g4 42. Bf6+ Kh7 43. Bxe5 Bxe5 44. Rxc5 Rc7 45. Rxc7+ Bxc7 46. fxg4
Kg6 47. Kd3 Kg5 48. Bd7 Bb6 49. Ke2 Kf6 50. Kf3 Ke7 51. Bb5 1-0

[Event "Chervonny Open 2012"]
[Site "?"]
[Date "2012.09.22"]
[Round "5"]
[White "Dzera, Evgeniy"]
[Black "Blinov, Sergey"]
[Result "1-0"]
[WhiteElo "2173"]
[BlackElo "1925"]
[PlyCount "47"]
[EventDate "2012.09.22"]
[SourceDate "2012.09.29"]

1. e4 e6 2. d4 b6 3. Nc3 Bb4 4. Bd2 Nf6 5. f3 O-O 6. a3 Bxc3 7. bxc3 h6 8. h4
Nh5 9. Rh3 f5 10. e5 f4 11. Bd3 Qe8 12. Qe2 Ng3 13. Rxg3 fxg3 14. Qe4 g6 15.
Qxa8 Nc6 16. Be4 Kf7 17. Bxc6 dxc6 18. Qxa7 Qe7 19. O-O-O Bd7 20. c4 c5 21. Ne2
Bc6 22. d5 exd5 23. cxd5 Bxd5 24. Bxh6 1-0

[Event "Chervonny Open 2012"]
[Site "?"]
[Date "2012.09.23"]
[Round "6"]
[White "Ibragimov, Ali"]
[Black "Gulkov, Igor A"]
[Result "1/2-1/2"]
[WhiteElo "2056"]
[BlackElo "2355"]
[PlyCount "83"]
[EventDate "2012.09.22"]
[SourceDate "2012.09.30"]

1. e4 c5 2. Nf3 d6 3. d4 cxd4 4. Nxd4 Nf6 5. Nc3 a6 6. Bc4 e6 7. Bb3 b5 8. O-O
Be7 9. a3 O-O 10. Kh1 Bb7 11. Qe2 Nbd7 12. Bg5 Nc5 13. f3 Nfxe4 14. fxe4 Bxg5
15. Rad1 Qe7 16. Ba2 Rac8 17. Rf3 Bf6 18. Rh3 g6 19. Qe3 Bg5 20. Qe2 Nd7 21.
Qg4 Ne5 22. Qg3 Bf6 23. Nde2 Bg7 24. Rf1 Nc4 25. Bxc4 Rxc4 26. Qe3 Qc7 27. Rd1
Rd8 28. Qg5 Rc5 29. Qf4 d5 30. Qh4 h6 31. Rhd3 g5 32. Qf2 Rc4 33. exd5 Bxd5 34.
Nxd5 Rxd5 35. Rxd5 exd5 36. c3 Qe5 37. Nd4 Qf4 38. Qxf4 gxf4 39. Nf3 Rc5 40.
Kg1 Bf6 41. Kf2 Kg7 42. Nd4 1/2-1/2

[Event "Chervonny Open 2012"]
[Site "?"]
[Date "2012.09.23"]
[Round "6"]
[White "Medvedev, Vladimir"]
[Black "An, Yuriy"]
[Result "1-0"]
[WhiteElo "2099"]
[BlackElo "1998"]
[PlyCount "51"]
[EventDate "2012.09.22"]
[SourceDate "2012.09.30"]

1. Nf3 Nf6 2. d4 d5 3. Bg5 e6 4. e3 Be7 5. Bd3 c5 6. c3 Qb6 7. b3 Nbd7 8. Nbd2
h6 9. Bf4 g5 10. Be5 g4 11. Bxf6 Bxf6 12. Ng1 h5 13. h3 Rg8 14. hxg4 hxg4 15.
Rc1 e5 16. Bf5 Nf8 17. Qc2 e4 18. dxc5 Qxc5 19. Rh5 Qc6 20. c4 Bxf5 21. Rxf5 g3
22. f3 exf3 23. Ngxf3 Qe6 24. Ke2 d4 25. Qe4 dxe3 26. Rxf6 1-0

[Event "Chervonny Open 2012"]
[Site "?"]
[Date "2012.09.23"]
[Round "6"]
[White "Kovalev, Aleksandr"]
[Black "Sepp, Yuri"]
[Result "1/2-1/2"]
[WhiteElo "1929"]
[BlackElo "1957"]
[PlyCount "104"]
[EventDate "2012.09.22"]
[SourceDate "2012.09.30"]

1. e4 c5 2. Nf3 Nc6 3. c3 d5 4. exd5 Qxd5 5. d4 Nf6 6. Be3 cxd4 7. Bxd4 Nxd4 8.
Qxd4 Qxd4 9. Nxd4 a6 10. Nd2 e6 11. Bc4 Bd6 12. O-O O-O 13. Rad1 b5 14. Be2 Nd5
15. c4 bxc4 16. Nxc4 Bc5 17. a3 Bd7 18. Rd2 Rfd8 19. Bf3 Rac8 20. b3 Be8 21.
Nc2 Rb8 22. b4 Be7 23. Bxd5 exd5 24. Na5 Bg5 25. f4 Bf6 26. Nd4 Rdc8 27. Rf3
Rc1+ 28. Kf2 Rbc8 29. Ndb3 Rh1 30. Kg3 Rd8 31. Rfd3 g5 32. fxg5 Bxg5 33. Rxd5
Rxd5 34. Rxd5 h6 35. Nc4 Bb5 36. Nd6 Be2 37. Nd4 Rd1 38. N6f5 Bc4 39. Rd6 Kh7
40. Nf3 Ra1 41. Nxg5+ hxg5 42. Rc6 Rxa3+ 43. Kg4 Bb5 44. Rh6+ Kg8 45. Kxg5 Bd7
46. Ne7+ Kg7 47. Rd6 Be6 48. h4 Rg3+ 49. Kf4 Rxg2 50. Rxa6 Rg4+ 51. Kf3 Rxb4
52. h5 Bg4+ 1/2-1/2

[Event "Chervonny Open 2012"]
[Site "?"]
[Date "2012.09.23"]
[Round "6"]
[White "Shapkin, Anatoliy"]
[Black "Balashov, Pavel"]
[Result "1/2-1/2"]
[WhiteElo "2109"]
[BlackElo "1938"]
[PlyCount "26"]
[EventDate "2012.09.22"]
[SourceDate "2012.09.30"]

1. e4 Nf6 2. e5 Nd5 3. d4 d6 4. Nf3 Bg4 5. Be2 c6 6. O-O Bxf3 7. Bxf3 dxe5 8.
dxe5 e6 9. Qe2 Nd7 10. c4 Ne7 11. b3 Ng6 12. Bb2 Qc7 13. Re1 Bb4 1/2-1/2

[Event "Chervonny Open 2012"]
[Site "?"]
[Date "2012.09.23"]
[Round "6"]
[White "Guseva, Lidia"]
[Black "Tokarzhevskiy, Aleksey"]
[Result "1/2-1/2"]
[WhiteElo "1540"]
[BlackElo "1860"]
[PlyCount "104"]
[EventDate "2012.09.22"]
[SourceDate "2012.09.30"]

1. e4 e6 2. d4 d5 3. Nc3 Nf6 4. Bg5 Be7 5. e5 Nfd7 6. h4 f6 7. Qh5+ g6 8. exf6
gxh5 9. fxe7 Qxe7 10. Bxe7 Kxe7 11. O-O-O b6 12. Re1 Nf6 13. Nf3 c5 14. g3 Rf8
15. dxc5 bxc5 16. Ng5 h6 17. Nh3 Kd6 18. Bg2 a6 19. Re2 Nc6 20. Rd2 Bd7 21.
Ne4+ Nxe4 22. Bxe4 Nd4 23. Bg2 Nf3 24. Bxf3 Rxf3 25. Nf4 Be8 26. Kd1 d4 27. Re1
e5 28. Nd3 Rf5 29. Rde2 Bb5 30. Rxe5 Bxd3 31. Re6+ Kd5 32. cxd3 c4 33. dxc4+
Kxc4 34. R1e2 d3 35. Rd2 Rd5 36. Rxh6 a5 37. Rg6 Re8 38. Rc6+ Kd4 39. Rc3 Ke4
40. Rc4+ Rd4 41. Rc5 Re5 42. Rxe5+ Kxe5 43. f3 Rd8 44. g4 hxg4 45. fxg4 Ke4 46.
g5 Rf8 47. Rh2 Ke3 48. Rh3+ Ke4 49. Kd2 Rf2+ 50. Kc3 Rc2+ 51. Kb3 a4+ 52. Kxa4
d2 1/2-1/2

[Event "Chervonny Open 2012"]
[Site "?"]
[Date "2012.09.23"]
[Round "6"]
[White "Milutin, Lev"]
[Black "Kasyanov, Vasiliy"]
[Result "0-1"]
[WhiteElo "1961"]
[BlackElo "2113"]
[PlyCount "48"]
[EventDate "2012.09.22"]
[SourceDate "2012.09.30"]

1. e4 c5 2. Bc4 d6 3. Nf3 Nf6 4. Ng5 e6 5. d3 Nc6 6. O-O Be7 7. f4 O-O 8. a3 a6
9. Bd2 h6 10. Nf3 d5 11. exd5 exd5 12. Ba2 Bg4 13. Qc1 Bxf3 14. Rxf3 Nd4 15.
Re3 Ng4 16. Nc3 Nxe3 17. Bxe3 Nxc2 18. Qxc2 d4 19. Bxd4 Qxd4+ 20. Kh1 Qxf4 21.
Re1 Bd6 22. g3 Qf3+ 23. Kg1 c4 24. Bxc4 Bc5+ 0-1

[Event "Chervonny Open 2012"]
[Site "?"]
[Date "2012.09.23"]
[Round "6"]
[White "Kots, Dmitry"]
[Black "Gavrilov, Yuri"]
[Result "1/2-1/2"]
[WhiteElo "1795"]
[BlackElo "2082"]
[PlyCount "111"]
[EventDate "2012.09.22"]
[SourceDate "2012.09.30"]

1. e4 c5 2. Nf3 Nc6 3. Bc4 e6 4. Nc3 Be7 5. d4 cxd4 6. Nxd4 a6 7. Nf3 b5 8. Bd3
d6 9. Be3 Nf6 10. Qe2 O-O 11. Rd1 Bb7 12. e5 Nd5 13. Nxd5 exd5 14. h4 dxe5 15.
Bxh7+ Kh8 16. Bf5 g6 17. Ng5 Bxg5 18. hxg5+ Kg7 19. Be4 Ne7 20. Qf3 Qd6 21. Bc5
Qe6 22. Bxe7 Qxe7 23. Bxd5 Bxd5 24. Rxd5 Qxg5 25. Qe3 Qxe3+ 26. fxe3 e4 27. Rh4
f5 28. g4 g5 29. Rd7+ Rf7 30. Rh7+ Kxh7 31. Rxf7+ Kg6 32. Rxf5 Re8 33. Rd5 Re6
34. Kd2 Kf6 35. b3 Rc6 36. Rf5+ Kg6 37. Re5 Kf6 38. Rxe4 Rd6+ 39. Rd4 Re6 40.
Kd3 Rc6 41. e4 Ke5 42. c4 Kf4 43. cxb5 axb5 44. Rd5 b4 45. e5 Kxg4 46. Rd6 Rc3+
47. Kd2 Kf5 48. Rb6 Rg3 49. Ra6 Kxe5 50. Ke2 Rc3 51. Kf1 Rc2 52. Ke1 Rc3 53.
Rb6 Rc2 54. Rxb4 Rxa2 55. Rg4 Kf6 56. Rc4 1/2-1/2

[Event "Chervonny Open 2012"]
[Site "?"]
[Date "2012.09.23"]
[Round "6"]
[White "Guseva, Antonina"]
[Black "Reva-Nikitina, Zoya N"]
[Result "0-1"]
[WhiteElo "1660"]
[BlackElo "1801"]
[PlyCount "100"]
[EventDate "2012.09.22"]
[SourceDate "2012.09.30"]

1. e4 c5 2. d4 cxd4 3. c3 d6 4. Nf3 Nf6 5. e5 dxe5 6. Nxe5 e6 7. Bb5+ Nbd7 8.
Qa4 Be7 9. O-O O-O 10. Bf4 Nxe5 11. Bxe5 dxc3 12. Nxc3 a6 13. Rfd1 Qb6 14. Bd4
Qc7 15. Rac1 Ng4 16. g3 axb5 17. Qxa8 Bd7 18. Ne4 Bc6 19. Qa7 f5 20. Nc5 Bxc5
21. Bxc5 Re8 22. Qa3 Qf7 23. Qb3 Nxh2 24. f4 Qh5 25. Kf2 Ng4+ 26. Ke2 Nf6+ 27.
Kd2 Qh2+ 28. Ke1 Qh1+ 29. Ke2 Qh5+ 30. Kd2 Ne4+ 31. Ke3 Qh2 32. Bb6 Qf2+ 33.
Kd3 Qxb6 34. Kc2 Bd5 35. Qb4 Rc8+ 36. Kb1 Rxc1+ 37. Rxc1 Nd6 38. Qa3 Qa6 39.
Qxa6 bxa6 40. a3 h6 41. Rc7 Ne4 42. Ra7 Nxg3 43. Rxa6 g5 44. fxg5 hxg5 45. Rb6
Bc4 46. Kc2 Ne4 47. b3 Bd5 48. Rxb5 g4 49. Kd3 f4 50. Ke2 Nc3+ 0-1

[Event "Chervonny Open 2012"]
[Site "?"]
[Date "2012.09.23"]
[Round "6"]
[White "Anikeev, Anatoliy"]
[Black "Dzera, Evgeniy"]
[Result "0-1"]
[WhiteElo "1898"]
[BlackElo "2173"]
[PlyCount "108"]
[EventDate "2012.09.22"]
[SourceDate "2012.09.30"]

1. d4 Nf6 2. Nf3 g6 3. c4 Bg7 4. Nc3 c6 5. e3 O-O 6. Be2 d6 7. O-O Nbd7 8. h3
a6 9. Qc2 b5 10. a3 Bb7 11. Bd2 Rc8 12. b3 Qc7 13. Rfc1 Qb8 14. Qd1 Rfd8 15.
Rab1 Qa8 16. Ne1 e5 17. dxe5 dxe5 18. Qc2 Nc5 19. b4 Ne6 20. c5 Rd7 21. Rd1
Rcd8 22. Nf3 Qb8 23. Ne4 Nxe4 24. Qxe4 f5 25. Qc2 e4 26. Nh2 Be5 27. Nf1 Nc7
28. Bc3 Nd5 29. Bxe5 Qxe5 30. Qb3 Qc3 31. Qa2 Qf6 32. Rbc1 Kf8 33. Qc2 Bc8 34.
Nd2 Re7 35. Nf1 Be6 36. Rd4 f4 37. Bg4 Bxg4 38. hxg4 Rde8 39. Rcd1 Qg5 40. exf4
Nxf4 41. Ne3 h5 42. gxh5 gxh5 43. Rd7 Nd3 44. Rxe7 Rxe7 45. Qc3 Kg8 46. Qd4 Re8
47. Qd7 Rf8 48. Rf1 Ne5 49. Qe6+ Kg7 50. Kh1 Rf4 51. g3 Rf7 52. Ng2 Ng4 53. Nf4
Rxf4 54. gxf4 Qh4+ 0-1

[Event "Chervonny Open 2012"]
[Site "?"]
[Date "2012.09.23"]
[Round "6"]
[White "Leschenko, Wjatcheslaw"]
[Black "Blinov, Sergey"]
[Result "0-1"]
[WhiteElo "1652"]
[BlackElo "1925"]
[PlyCount "105"]
[EventDate "2012.09.22"]
[SourceDate "2012.09.30"]

1. Nf3 b6 2. c4 Bb7 3. e3 e6 4. Nc3 Bb4 5. d4 Nf6 6. Bd3 Ne4 7. Bd2 Bxc3 8.
bxc3 Nxd2 9. Kxd2 Qf6 10. Qe2 d6 11. a4 a5 12. Rag1 Nd7 13. h4 h6 14. Rh3 O-O-O
15. g4 g6 16. Nh2 Qe7 17. f4 d5 18. c5 bxc5 19. Ba6 c4 20. Bxb7+ Kxb7 21. Rb1+
Nb6 22. Ke1 f6 23. Nf3 Ra8 24. Qb2 Qd7 25. Ra1 Rhb8 26. Rg3 Ra6 27. g5 hxg5 28.
hxg5 f5 29. Rh3 Ka7 30. Qb5 Qd6 31. Ne5 Nc8 32. Qc5+ Qxc5 33. dxc5 Ne7 34. Rh7
Re8 35. Rb1 Ka8 36. Rb5 c6 37. Rb2 Ra7 38. Kf2 Rc7 39. Rg7 Rh8 40. Kg2 d4 41.
exd4 Nd5 42. Rxc7 Nxc7 43. Nxg6 Rc8 44. Ne7 Re8 45. Nxc6 Nd5 46. Kg3 Nxc3 47.
Nxa5 Ne4+ 48. Kg2 c3 49. Rb1 e5 50. dxe5 Nxc5 51. Nc4 Nd3 52. Kg3 c2 53. Rf1
0-1

[Event "Chervonny Open 2012"]
[Site "?"]
[Date "2012.09.23"]
[Round "7"]
[White "Gulkov, Igor A"]
[Black "Kasyanov, Vasiliy"]
[Result "1-0"]
[WhiteElo "2355"]
[BlackElo "2113"]
[PlyCount "75"]
[EventDate "2012.09.22"]
[SourceDate "2012.09.30"]

1. Nf3 Nf6 2. c4 g6 3. Nc3 Bg7 4. e4 d6 5. d4 O-O 6. Be2 e5 7. Be3 Nc6 8. d5
Ne7 9. Nd2 Ne8 10. c5 f5 11. f3 Nf6 12. Nc4 fxe4 13. fxe4 b5 14. Nd2 a6 15. b4
Nd7 16. c6 Nb6 17. a4 bxa4 18. Nxa4 a5 19. Nxb6 cxb6 20. bxa5 bxa5 21. Nf3 h6
22. O-O Kh7 23. Ra4 Ba6 24. Bxa6 Rxa6 25. Qd3 Qa8 26. Nd2 Rxf1+ 27. Qxf1 Ng8
28. Qb5 Nf6 29. Qb7 h5 30. Qxa8 Rxa8 31. Nc4 Ne8 32. Rxa5 Rc8 33. Ra7 Kg8 34.
Nb6 Rc7 35. Ra8 Kf7 36. Nc8 Bf6 37. Bb6 Bd8 38. Nxd6+ 1-0

[Event "Chervonny Open 2012"]
[Site "?"]
[Date "2012.09.23"]
[Round "7"]
[White "Medvedev, Vladimir"]
[Black "Kozlov, Aleksandr"]
[Result "1/2-1/2"]
[WhiteElo "2099"]
[BlackElo "2153"]
[PlyCount "28"]
[EventDate "2012.09.22"]
[SourceDate "2012.09.30"]

1. Nf3 Nf6 2. g3 g6 3. Bg2 Bg7 4. d3 d6 5. e4 c5 6. O-O Nc6 7. Re1 O-O 8. Nbd2
e5 9. Nc4 b5 10. Ne3 Rb8 11. c3 Bd7 12. Qc2 Qb6 13. Bd2 h6 14. Rad1 Be6 1/2-1/2

[Event "Chervonny Open 2012"]
[Site "?"]
[Date "2012.09.23"]
[Round "7"]
[White "Sepp, Yuri"]
[Black "Dyachkov, Oleg"]
[Result "1-0"]
[WhiteElo "1957"]
[BlackElo "1803"]
[PlyCount "105"]
[EventDate "2012.09.22"]
[SourceDate "2012.09.30"]

1. e4 c5 2. Nf3 d6 3. d4 cxd4 4. Nxd4 Nf6 5. f3 a6 6. c4 e6 7. Nc3 Be7 8. Be3
Bd7 9. Qd2 Nc6 10. Be2 Qc7 11. Rc1 Rc8 12. O-O O-O 13. a3 Nxd4 14. Bxd4 Bc6 15.
Nd5 Bxd5 16. cxd5 Qd7 17. dxe6 Qxe6 18. Rc3 Rxc3 19. Bxc3 h6 20. Rd1 Rd8 21.
Qd4 d5 22. e5 Ne8 23. f4 f6 24. Ba5 Rc8 25. Qxd5 Qxd5 26. Rxd5 Rc1+ 27. Kf2 Rc2
28. Bc3 Bxa3 29. exf6 gxf6 30. Rd8 Kf8 31. Bxf6 Be7 32. Bxe7+ Kxe7 33. Rb8 Rxb2
34. Ke3 a5 35. g4 Nf6 36. Bf3 b6 37. g5 hxg5 38. fxg5 Nd7 39. Rb7 Kd6 40. g6
Nf6 41. h4 Ke6 42. h5 Ng8 43. Kf4 a4 44. Bg4+ Kd6 45. Rb8 Rb4+ 46. Kg5 Rb5+ 47.
Kf4 Nf6 48. h6 Rb4+ 49. Kf5 Nxg4 50. h7 Ne3+ 51. Kg5 Rg4+ 52. Kh5 Rg2 53. g7
1-0

[Event "Chervonny Open 2012"]
[Site "?"]
[Date "2012.09.23"]
[Round "7"]
[White "An, Yuriy"]
[Black "Redikultsev, Boris"]
[Result "0-1"]
[WhiteElo "1998"]
[BlackElo "2055"]
[PlyCount "110"]
[EventDate "2012.09.22"]
[SourceDate "2012.09.30"]

1. d4 Nf6 2. Bg5 Ne4 3. Bh4 g5 4. f3 gxh4 5. fxe4 c5 6. Nf3 Bg7 7. c3 cxd4 8.
cxd4 Qb6 9. b3 h3 10. g3 Nc6 11. e3 d6 12. Nc3 Qa5 13. Qd2 Bg4 14. Be2 Rc8 15.
Rc1 O-O 16. O-O Bh6 17. Kf2 Qh5 18. Nd5 f5 19. exf5 e5 20. Rxc6 Rxc6 21. Ne7+
Kh8 22. Nxc6 bxc6 23. Nh4 Bg5 24. Qd1 Bxe2 25. Qxe2 Qh6 26. e4 Bxh4 27. gxh4
Qxh4+ 28. Ke3 d5 29. Qf3 Re8 30. f6 exd4+ 31. Kxd4 dxe4 32. Qf4 c5+ 33. Ke3
Qxf4+ 34. Rxf4 Rf8 35. Kxe4 Kg8 36. Ke5 Re8+ 37. Kd5 Re2 38. a4 Rxh2 39. Kxc5
Rg2 40. Rh4 h2 41. f7+ Kxf7 42. Rxh7+ Kg6 43. Rh3 Rg5+ 44. Kc6 Rh5 45. Rxh2
Rxh2 46. b4 Kf6 47. a5 Ke6 48. b5 Rb2 49. b6 Rc2+ 50. Kb5 axb6 51. Kxb6 Kd7 52.
a6 Rb2+ 53. Ka7 Kc7 54. Ka8 Rh2 55. Ka7 Rh6 0-1

[Event "Chervonny Open 2012"]
[Site "?"]
[Date "2012.09.23"]
[Round "7"]
[White "Dzera, Evgeniy"]
[Black "Guseva, Lidia"]
[Result "1-0"]
[WhiteElo "2173"]
[BlackElo "1540"]
[PlyCount "77"]
[EventDate "2012.09.22"]
[SourceDate "2012.09.30"]

1. c4 Nf6 2. Nf3 g6 3. Nc3 Bg7 4. e4 d6 5. d4 Nc6 6. Be2 O-O 7. h3 e5 8. d5 Ne7
9. g4 Bd7 10. Be3 c6 11. Qd2 cxd5 12. cxd5 a6 13. Bh6 Rc8 14. Bxg7 Kxg7 15. Qe3
b5 16. a3 Qa5 17. Nd2 Qc7 18. f4 exf4 19. Qxf4 Rce8 20. h4 Nfg8 21. h5 h6 22.
g5 hxg5 23. Qxg5 f6 24. Qe3 g5 25. Nf3 Qb7 26. Qd4 Kh7 27. Bd3 Bg4 28. Nh2 Bf5
29. O-O-O Bd7 30. e5+ Bf5 31. exd6 Bxd3 32. Qxd3+ f5 33. dxe7 Nxe7 34. Nf3 Kh6
35. Qe3 f4 36. Qe6+ Kg7 37. h6+ Kh8 38. Qe5+ Kg8 39. Qg7# 1-0

[Event "Chervonny Open 2012"]
[Site "?"]
[Date "2012.09.23"]
[Round "7"]
[White "Tokarzhevskiy, Aleksey"]
[Black "Kots, Dmitry"]
[Result "1-0"]
[WhiteElo "1860"]
[BlackElo "1795"]
[PlyCount "103"]
[EventDate "2012.09.22"]
[SourceDate "2012.09.30"]

1. e4 c6 2. f4 d5 3. Nc3 dxe4 4. Nxe4 e6 5. d4 Nd7 6. Nf3 Ngf6 7. Bd3 Be7 8. c3
b6 9. Be3 Bb7 10. Ne5 Nd5 11. Bd2 Nxe5 12. fxe5 Qd7 13. Qg4 f5 14. exf6 Bxf6
15. Qh5+ g6 16. Nxf6+ Nxf6 17. Bxg6+ Ke7 18. Bg5 hxg6 19. Qxg6 Rhg8 20. Qxf6+
Ke8 21. O-O-O Qf7 22. Qxf7+ Kxf7 23. Rhf1+ Kg6 24. h4 Raf8 25. Rde1 Rxf1 26.
Rxf1 Re8 27. g4 e5 28. dxe5 c5 29. Rf6+ Kg7 30. e6 Bc8 31. Rf7+ Kg6 32. Rf6+
Kg7 33. Rf7+ Kg6 34. Re7 Rxe7 35. Bxe7 Bxe6 36. b3 c4 37. bxc4 Bxc4 38. a3 b5
39. Bc5 a6 40. g5 Bf7 41. Kd2 Kf5 42. Ke2 Ke4 43. Kf2 Kd5 44. Kg3 Bh5 45. Kf4
Kxc5 46. Kf5 Kc4 47. g6 Kxc3 48. Kg5 Bd1 49. h5 Kb2 50. h6 Kxa3 51. h7 b4 52.
h8=Q 1-0

[Event "Chervonny Open 2012"]
[Site "?"]
[Date "2012.09.23"]
[Round "7"]
[White "Gavrilov, Yuri"]
[Black "Milutin, Lev"]
[Result "1-0"]
[WhiteElo "2082"]
[BlackElo "1961"]
[PlyCount "83"]
[EventDate "2012.09.22"]
[SourceDate "2012.09.30"]

1. d4 d5 2. c4 Nf6 3. cxd5 Qxd5 4. Nc3 Qd8 5. e4 e6 6. Bc4 Nc6 7. Nf3 Be7 8.
O-O O-O 9. h3 a6 10. Be3 b5 11. Bd3 Nb4 12. Bb1 Bb7 13. a3 Nc6 14. Qc2 Ne8 15.
d5 Na5 16. dxe6 fxe6 17. Rd1 Qc8 18. Ba2 c5 19. Ne2 c4 20. Rac1 Nd6 21. Ng3 Qe8
22. Qc3 Nc6 23. b3 Rc8 24. bxc4 Nd8 25. Qd4 Nc6 26. Qb2 Nd8 27. Nd2 Bh4 28.
cxb5 Rxc1 29. Rxc1 Bxg3 30. fxg3 axb5 31. Qe5 N6f7 32. Qc7 Nh8 33. Bg5 Qf7 34.
Bxd8 Qf2+ 35. Kh2 Qxd2 36. Bxe6+ Nf7 37. Rc2 Qd3 38. Rf2 Kh8 39. Bxf7 Bxe4 40.
Bg5 h6 41. Bc1 Qd1 42. Rf4 1-0

[Event "Chervonny Open 2012"]
[Site "?"]
[Date "2012.09.23"]
[Round "7"]
[White "Blinov, Sergey"]
[Black "Anikeev, Anatoliy"]
[Result "1-0"]
[WhiteElo "1925"]
[BlackElo "1898"]
[PlyCount "97"]
[EventDate "2012.09.22"]
[SourceDate "2012.09.30"]

1. Nf3 f5 2. d4 Nf6 3. Nc3 d6 4. g3 e6 5. Bg2 Be7 6. O-O O-O 7. Re1 d5 8. a3 h6
9. e3 c5 10. Ne5 Nc6 11. Ng6 Re8 12. Nxe7+ Qxe7 13. Ne2 g5 14. Bd2 c4 15. b3 b5
16. Qc1 Ne4 17. f3 Nxd2 18. Qxd2 Bd7 19. Nc3 Nd8 20. bxc4 bxc4 21. e4 Qf6 22.
exd5 Rb8 23. f4 g4 24. dxe6 Bxe6 25. Rab1 Rc8 26. d5 Bf7 27. Rxe8+ Bxe8 28. Qe3
Kg7 29. Qe5 Nf7 30. Rb7 a6 31. Qxf6+ Kxf6 32. Rb6+ Kg7 33. Rxa6 Rd8 34. a4 Nd6
35. Ra7+ Kf6 36. Ra6 Ke7 37. Rb6 Ra8 38. Rb4 h5 39. Bf1 Rc8 40. Kf2 Kd7 41. Ke3
Bf7 42. Kd4 Re8 43. Bxc4 Re1 44. Rb1 Re8 45. Bb5+ Nxb5+ 46. axb5 Kc7 47. Kc5
Kb8 48. Rd1 Rc8+ 49. Kb4 1-0

[Event "Chervonny Open 2012"]
[Site "?"]
[Date "2012.09.23"]
[Round "7"]
[White "Leschenko, Wjatcheslaw"]
[Black "Nazarenkov, Aleksandr"]
[Result "1/2-1/2"]
[WhiteElo "1652"]
[BlackElo "2224"]
[PlyCount "42"]
[EventDate "2012.09.22"]
[SourceDate "2012.09.30"]

1. Nf3 d5 2. e3 c5 3. c3 Qa5 4. Be2 Nc6 5. O-O e5 6. d4 cxd4 7. cxd4 e4 8. Nfd2
f5 9. b4 Qc7 10. Nb3 Bd6 11. f4 Nf6 12. a4 Be6 13. b5 Ne7 14. Ba3 h6 15. Bxd6
Qxd6 16. Nc5 Bc8 17. Bh5+ g6 18. Be2 b6 19. Nb3 g5 20. Bh5+ Kf8 21. Be2 gxf4
1/2-1/2